Udržateľný cestovný ruch vybranej cestovnej kancelárie bakalárska práca

Saved in:
Bibliographic Details
Main Author: Pašková, Veronika
Corporate Author: Obchodná fakulta EU. Katedra cestovného ruchu
Other Authors: Harcsová, Henrieta, 1998-
Format: Book
Language:Slovak
Published: Bratislava 2024
Tags: Add Tag
No Tags, Be the first to tag this record!

MARC

LEADER 00000nbm a2200000 4500
001 0304096
005 20250814111427.7
041 0 |a slo 
044 |a SK 
245 1 0 |a Udržateľný cestovný ruch vybranej cestovnej kancelárie  |b bakalárska práca  |c Veronika Pašková ; školiteľ: Henrieta Harcsová 
264 1 |a Bratislava  |c 2024 
300 |a 54 s. 
100 1 |a Pašková, Veronika 
700 1 |a Harcsová, Henrieta, 1998- 
710 2 |a Obchodná fakulta EU. Katedra cestovného ruchu